Представление документа в формате RUSMARC

ПолеНазваниеЗначение
  Тип записи a
  Библиографический уровень m
001 Контрольный номер f54b545414cd4afd90f1404c474a99be
005 Дата корректировки 20260617121505.9
010 Индекс ISBN __
a ISBN 978-5-17-176319-0
b Уточнения в пер.
9 Тираж 2000 экз.
100 Данные общей обработки __
a Данные общей обработки 20260617d2025 mk y0rusy028902 ca
101 Язык документа 0_
a Язык текста rus
102 Страна публикации __
a Страна публикации RU
105 Кодированные данные (монография) __
a Кодированные данные (монография) a z 000yy
181 Поле кодированных данных: вид содержания _0
a Код вида содержания (ISBD) i
182 Поле кодированных данных: тип средства _0
a Код типа средства (ISBD) n
200 Заглавие и сведения об ответственности 1_
a Заглавие Нефть, металлы и другие сокровища Земли
e Сведения, относящиеся к заглавию полезные ископаемые
f Первые сведения об ответственности С. С. Мирнова
203 Вид содержания и тип средства __
a Вид содержания Текст
c Тип средства непосредственный
210 Выходные данные 1_
a Место издания Москва
c Издательство АСТ
c Издательство ОГИЗ
d Дата издания 2025
215 Физическое описание __
a Объем 190, [1] с.
c Иллюстрации/тип воспроизводства цв. ил.
d Формат 22 см
225 Серия 2_
a Серия Популярный иллюстрированный гид
330 Аннотация __
a Аннотация Разнообразные металлы, маслянистая горючая нефть, неуловимая ртуть, каменный уголь, сверкающие драгоценные кристаллы, белоснежный известняк, благородный мрамор и многие другие полезные ископаемые – герои очерков, которые вошли в эту книгу. Жизнь современного человека немыслима без топлива, электричества, новых материалов, всевозможных приборов и механизмов. Они созданы не только благодаря гениальным изобретениям людей, но и потому, что планета передала нам во владение свои подземные сокровища. Сюжеты о минеральных ресурсах Земли ярко и интересно иллюстрированы. Издание адресовано старшим школьникам и всем, кто интересуется естествознанием.
333 Примечание о целевом назначении __
a Примечание о целевом назначении 12+. Для детей старше 12 лет
606 Тематические рубрики __
a Основная рубрика Геология
2 Код системы nlr_sh
606 Тематические рубрики __
a Основная рубрика Геология полезных ископаемых в целом
2 Код системы nlr_sh
610 Ключевые слова 0_
a Ключевые слова полезные ископаемые
610 Ключевые слова 0_
a Ключевые слова окружающий мир
610 Ключевые слова 0_
a Ключевые слова нефть
610 Ключевые слова 0_
a Ключевые слова уголь
610 Ключевые слова 0_
a Ключевые слова гранит
610 Ключевые слова 0_
a Ключевые слова мрамор
610 Ключевые слова 0_
a Ключевые слова металлы
610 Ключевые слова 0_
a Ключевые слова цветные металлы
610 Ключевые слова 0_
a Ключевые слова черные металлы
610 Ключевые слова 0_
a Ключевые слова минералы
610 Ключевые слова 0_
a Ключевые слова горные породы
610 Ключевые слова 0_
a Ключевые слова вода
610 Ключевые слова 0_
a Ключевые слова топливо
610 Ключевые слова 0_
a Ключевые слова строительные материалы
610 Ключевые слова 0_
a Ключевые слова драгоценные камни
686 Индексы других классификаций __
2 Код системы rubbks
a Классификационный индекс 26.34; ст26.34
700 Автор _1
a Фамилия Мирнова
b Имя С. С.
g Полное личное имя Светлана Сергеевна
4 Код отношения 070
801 Источник записи _0
b Организация Муниципальное бюджетное учреждение культуры "Централизованная библиотечная система" г. Сургут (Центральная городская библиотека им. А. С. Пушкина)
a Страна RU
c Дата составления 20260617
g Правила каталогизации PSBO
801 Источник записи _1
b Организация Муниципальное бюджетное учреждение культуры "Централизованная библиотечная система" г. Сургут (Центральная городская библиотека им. А. С. Пушкина)
a Страна RU
c Дата составления 20260617
g Правила каталогизации PSBO
852 Данные о местонахождении 5_
j Шифр хранения 26.34
i Авторский знак М 63
901 Тип документа __
a Ответственный ООФиК/Волкова
t Тип документа m
901 Тип документа __
a Ответственный без партии
903 Характеристики (МАРС) __
a Дата передачи 20260617
c Наименование библиотеки (МАРС) Муниципальное бюджетное учреждение культуры "Централизованная библиотечная система" г. Сургут (Центральная городская библиотека им. А. С. Пушкина)
969 Тип издания __
a Тип издания научно-популярное издание
a Тип издания Ф 26